Применение электронной оже-спектроскопии к исследованию полупроводниковых структур на основе арсенида галлия: диссертация на соискание ученой степени кандидата физико-математических наук; Спец. 01.04.07

Бібліографічні деталі
Автор: Пирогов В. А. Виктор Алексеевич
Співавтор: Томский политехнический институт (ТПИ) Научно-исследовательский институт ядерной физики (НИИ ЯФ)
Інші автори: Диденко А. Н. (научный руководитель)
Мова:Російська
Опубліковано: Томск, 1985
Предмети:
Формат: MixedMaterials Книга
KOHA link:https://koha.lib.tpu.ru/cgi-bin/koha/opac-detail.pl?biblionumber=60315

MARC

LEADER 00000nbm0a2200000 4500
001 60315
005 20231031061304.0
035 |a (RuTPU)RU\TPU\book\63782 
090 |a 60315 
100 |a 20040205d1985 k y0rusy50 ca 
101 0 |a rus 
102 |a RU 
105 |a a m 001zy 
200 1 |a Применение электронной оже-спектроскопии к исследованию полупроводниковых структур на основе арсенида галлия  |e диссертация на соискание ученой степени кандидата физико-математических наук  |e Спец. 01.04.07  |f В. А. Пирогов  |g Томский политехнический институт (ТПИ), Научно-исследовательский институт ядерной физики (НИИ ЯФ) ; науч. рук. А. Н. Диденко 
210 |a Томск  |d 1985 
215 |a 195 л.  |c ил. 
320 |a Библиогр.: с. 182-195(139 назв.) 
610 1 |a физика 
610 1 |a твердые тела 
610 1 |a спектроскопия 
610 1 |a полупроводники 
610 1 |a структура 
610 1 |a галлий 
610 1 |a галлия арсенид 
610 1 |a поверхности 
610 1 |a физико-химическое взаимодействие 
610 1 |a термообработка 
610 1 |a водород 
610 1 |a никель 
610 1 |a химическое состояние 
610 1 |a диссертации 
675 |a 537.311.322:546(048)  |v 3 
686 |a 01.04.07  |2 oksvnk 
700 1 |a Пирогов  |b В. А.  |g Виктор Алексеевич 
702 1 |a Диденко  |b А. Н.  |4 727 
712 0 2 |a Томский политехнический институт (ТПИ)  |b Научно-исследовательский институт ядерной физики (НИИ ЯФ)  |c (1975-1998)  |2 stltpush  |3 (RuTPU)RU\TPU\col\11922 
801 1 |a RU  |b 63413507  |c 20040205  |g PSBO 
801 2 |a RU  |b 63413507  |c 20230628  |g PSBO 
942 |c BK